000 00812nam a2200265Ia 4500
003 OSt
005 20221005033009.0
006 a|||||r|||| 00| 0
007 ta
008 221004b |||||||| |||| 00| 0 urd d
020 _a817801789X (hbk)
_cINR 300.00
024 _a41940
037 _b2130, 16/03/2019, M.R.Publications
_cTextual
040 _aCRL
_cCRL
_burd
041 _2urd
_aurd
082 _aO168:f, Q6
100 _aQuddoos Abdul Au.
_9585715
245 0 _aRehnuman-e-tahqeeq
260 _aDelhi
_bAlhuda publications India
_c2016
300 _a242p.
_ccm.
650 _aURDU LITERATURE
700 _a Sabir Abdullah Au.
_9585716
942 _hO168:f, Q6
_cTEXL
_2cc
999 _c940715
_d940715